Ajax Full Squads (2000-) - Statistics

General Stats
  • This quiz has been taken 495 times
  • The average score is 249 of 625
Answer Stats
Year # Pos/Country Answer % Correct
2017-2018 21 MF Frenkie de Jong
93%
2018-2019 21 MF Frenkie de Jong
93%
2016-2017 24 GK André Onana
92%
2017-2018 1 GK André Onana
92%
2018-2019 24 GK André Onana
92%
2019-2020 24 GK André Onana
92%
2020-2021 24 GK André Onana
92%
2021-2022 24 GK André Onana
92%
2002-2003 26 MF Nigel de Jong
91%
2003-2004 16 MF Nigel de Jong
91%
2004-2005 16 MF Nigel de Jong
91%
2005-2006 16 MF Nigel de Jong
91%
2007-2008 38 MF Siem de Jong
91%
2008-2009 22 MF Siem de Jong
91%
2009-2010 22 MF Siem de Jong
91%
2010-2011 10 MF Siem de Jong
91%
2011-2012 10 MF Siem de Jong
91%
2012-2013 10 MF Siem de Jong
91%
2013-2014 10 MF Siem de Jong
91%
2017-2018 23 MF Siem de Jong
91%
2018-2019 10 FW Dušan Tadić
90%
2019-2020 10 FW Dušan Tadić
90%
2020-2021 10 FW Dušan Tadić
90%
2021-2022 10 FW Dušan Tadić
90%
2022-2023 10 FW Dušan Tadić
90%
2016-2017 22 FW Hakim Ziyech
88%
2017-2018 10 FW Hakim Ziyech
88%
2018-2019 22 FW Hakim Ziyech
88%
2019-2020 22 FW Hakim Ziyech
88%
2016-2017 36 DF Matthijs de Ligt
88%
2017-2018 4 DF Matthijs de Ligt
88%
2018-2019 4 DF Matthijs de Ligt
88%
2016-2017 7 FW David Neres
82%
2017-2018 7 FW David Neres
82%
2018-2019 7 FW David Neres
82%
2019-2020 7 FW David Neres
82%
2020-2021 7 FW David Neres
82%
2021-2022 7 FW David Neres
82%
2001-2002 9 FW Zlatan Ibrahimović
82%
2002-2003 9 FW Zlatan Ibrahimović
82%
2003-2004 9 FW Zlatan Ibrahimović
82%
2004-2005 9 FW Zlatan Ibrahimović
82%
2014-2015 33 GK Diederik Boer
81%
2015-2016 33 GK Diederik Boer
81%
2013-2014 34 FW Lesly de Sa
80%
2020-2021 39 FW Antony
78%
2021-2022 11 FW Antony
78%
2022-2023 11 FW Antony
78%
2016-2017 9 FW Bertrand Traoré
78%
2024-2025 20 FW Bertrand Traoré
78%
2019-2020 23 FW Lassina Traoré
78%
2020-2021 23 FW Lassina Traoré
78%
2023-2024 6 MF Jordan Henderson
77%
2024-2025 6 MF Jordan Henderson
77%
2017-2018 40 DF Noussair Mazraoui
77%
2018-2019 12 DF Noussair Mazraoui
77%
2019-2020 12 DF Noussair Mazraoui
77%
2020-2021 12 DF Noussair Mazraoui
77%
2021-2022 12 DF Noussair Mazraoui
77%
2002-2003 31 GK Maarten Stekelenburg
76%
2003-2004 21 GK Maarten Stekelenburg
76%
2004-2005 21 GK Maarten Stekelenburg
76%
2005-2006 1 GK Maarten Stekelenburg
76%
2006-2007 1 GK Maarten Stekelenburg
76%
2007-2008 1 GK Maarten Stekelenburg
76%
2008-2009 1 GK Maarten Stekelenburg
76%
2009-2010 1 GK Maarten Stekelenburg
76%
2010-2011 1 GK Maarten Stekelenburg
76%
2020-2021 1 GK Maarten Stekelenburg
76%
2021-2022 1 GK Maarten Stekelenburg
76%
2006-2007 28 DF Jan Vertonghen
74%
2007-2008 17 DF Jan Vertonghen
74%
2008-2009 5 DF Jan Vertonghen
74%
2009-2010 5 DF Jan Vertonghen
74%
2010-2011 4 DF Jan Vertonghen
74%
2011-2012 4 DF Jan Vertonghen
74%
2015-2016 30 MF Donny van de Beek
73%
2016-2017 30 MF Donny van de Beek
73%
2017-2018 6 MF Donny van de Beek
73%
2018-2019 6 MF Donny van de Beek
73%
2019-2020 6 MF Donny van de Beek
73%
2008-2009 34 DF Toby Alderweireld
73%
2009-2010 19 DF Toby Alderweireld
73%
2010-2011 3 DF Toby Alderweireld
73%
2011-2012 3 DF Toby Alderweireld
73%
2012-2013 3 DF Toby Alderweireld
73%
2013-2014 3 DF Toby Alderweireld
73%
2017-2018 31 DF Nicolás Tagliafico
72%
2018-2019 31 DF Nicolás Tagliafico
72%
2019-2020 31 DF Nicolás Tagliafico
72%
2020-2021 31 DF Nicolás Tagliafico
72%
2021-2022 31 DF Nicolás Tagliafico
72%
2013-2014 18 MF Davy Klaassen
71%
2014-2015 10 MF Davy Klaassen
71%
2015-2016 10 MF Davy Klaassen
71%
2016-2017 10 MF Davy Klaassen
71%
2020-2021 6 MF Davy Klaassen
71%
2021-2022 6 MF Davy Klaassen
71%
2022-2023 6 MF Davy Klaassen
71%
2024-2025 18 MF Davy Klaassen
71%
2005-2006 25 FW Klaas-Jan Huntelaar
71%
2006-2007 9 FW Klaas-Jan Huntelaar
71%
2007-2008 9 FW Klaas-Jan Huntelaar
71%
2008-2009 9 FW Klaas-Jan Huntelaar
71%
2017-2018 9 FW Klaas-Jan Huntelaar
71%
2018-2019 9 FW Klaas-Jan Huntelaar
71%
2019-2020 9 FW Klaas-Jan Huntelaar
71%
2020-2021 9 FW Klaas-Jan Huntelaar
71%
2012-2013 20 MF Lasse Schöne
71%
2013-2014 20 MF Lasse Schöne
71%
2014-2015 20 MF Lasse Schöne
71%
2015-2016 20 MF Lasse Schöne
71%
2016-2017 20 MF Lasse Schöne
71%
2017-2018 20 MF Lasse Schöne
71%
2018-2019 20 MF Lasse Schöne
71%
2007-2008 16 FW Luis Suárez
71%
2008-2009 16 FW Luis Suárez
71%
2009-2010 16 FW Luis Suárez
71%
2010-2011 16 FW Luis Suárez
71%
2009-2010 51 MF Christian Eriksen
70%
2010-2011 8 MF Christian Eriksen
70%
2011-2012 8 MF Christian Eriksen
70%
2012-2013 8 MF Christian Eriksen
70%
2013-2014 8 MF Christian Eriksen
70%
2010-2011 17 DF Daley Blind
70%
2011-2012 17 DF Daley Blind
70%
2012-2013 17 DF Daley Blind
70%
2013-2014 17 DF Daley Blind
70%
2018-2019 17 DF Daley Blind
70%
2019-2020 17 DF Daley Blind
70%
2020-2021 17 DF Daley Blind
70%
2021-2022 17 DF Daley Blind
70%
2022-2023 17 DF Daley Blind
70%
2011-2012 22 GK Jasper Cillessen
70%
2012-2013 22 GK Jasper Cillessen
70%
2013-2014 22 GK Jasper Cillessen
70%
2014-2015 1 GK Jasper Cillessen
70%
2015-2016 1 GK Jasper Cillessen
70%
2016-2017 1 GK Jasper Cillessen
70%
2019-2020 4 MF Edson Álvarez
69%
2020-2021 4 MF Edson Álvarez
69%
2021-2022 4 MF Edson Álvarez
69%
2022-2023 4 MF Edson Álvarez
69%
2022-2023 19 DF Jorge Sánchez
69%
2016-2017 5 DF Davinson Sánchez
68%
2019-2020 21 DF Lisandro Martínez
66%
2020-2021 21 DF Lisandro Martínez
66%
2021-2022 21 DF Lisandro Martínez
66%
2002-2003 15 MF Wesley Sneijder
65%
2003-2004 18 MF Wesley Sneijder
65%
2004-2005 18 MF Wesley Sneijder
65%
2005-2006 18 MF Wesley Sneijder
65%
2006-2007 10 MF Wesley Sneijder
65%
2016-2017 25 FW Kasper Dolberg
64%
2017-2018 25 FW Kasper Dolberg
64%
2018-2019 25 FW Kasper Dolberg
64%
2019-2020 25 FW Kasper Dolberg
64%
2021-2022 23 FW Steven Berghuis
64%
2022-2023 23 FW Steven Berghuis
64%
2023-2024 23 FW Steven Berghuis
64%
2024-2025 23 FW Steven Berghuis
64%
2000-2001 23 MF Rafael van der Vaart
62%
2001-2002 23 MF Rafael van der Vaart
62%
2002-2003 23 MF Rafael van der Vaart
62%
2003-2004 10 MF Rafael van der Vaart
62%
2004-2005 10 MF Rafael van der Vaart
62%
2020-2021 30 FW Brian Brobbey
61%
2021-2022 18 FW Brian Brobbey
61%
2022-2023 9 FW Brian Brobbey
61%
2023-2024 9 FW Brian Brobbey
61%
2024-2025 9 FW Brian Brobbey
61%
2022-2023 12 GK Gerónimo Rulli
61%
2023-2024 1 GK Gerónimo Rulli
61%
2022-2023 7 FW Steven Bergwijn
60%
2023-2024 7 FW Steven Bergwijn
60%
2014-2015 19 FW Arkadiusz Milik
59%
2015-2016 9 FW Arkadiusz Milik
59%
2021-2022 32 GK Remko Pasveer
59%
2022-2023 22 GK Remko Pasveer
59%
2024-2025 22 GK Remko Pasveer
59%
2019-2020 28 DF Sergiño Dest
58%
2012-2013 33 DF Joël Veltman
56%
2013-2014 12 DF Joël Veltman
56%
2014-2015 3 DF Joël Veltman
56%
2015-2016 3 DF Joël Veltman
56%
2016-2017 3 DF Joël Veltman
56%
2017-2018 3 DF Joël Veltman
56%
2018-2019 3 DF Joël Veltman
56%
2019-2020 3 DF Joël Veltman
56%
2020-2021 22 FW Sébastien Haller
56%
2021-2022 22 FW Sébastien Haller
56%
2000-2001 5 DF Cristian Chivu
54%
2001-2002 5 DF Cristian Chivu
54%
2002-2003 5 DF Cristian Chivu
54%
2021-2022 25 MF Kenneth Taylor
53%
2022-2023 8 MF Kenneth Taylor
53%
2023-2024 8 MF Kenneth Taylor
53%
2024-2025 8 MF Kenneth Taylor
53%
2020-2021 20 FW Mohammed Kudus
53%
2021-2022 20 FW Mohammed Kudus
53%
2022-2023 20 FW Mohammed Kudus
53%
2002-2003 20 MF Jari Litmanen
52%
2023-2024 37 DF Josip Sutalo
51%
2024-2025 37 DF Josip Sutalo
51%
2024-2025 25 FW Wout Weghorst
50%
2015-2016 11 FW Amin Younes
49%
2016-2017 11 FW Amin Younes
49%
2017-2018 11 FW Amin Younes
49%
2006-2007 25 DF Gregory van der Wiel
49%
2007-2008 25 DF Gregory van der Wiel
49%
2008-2009 15 DF Gregory van der Wiel
49%
2009-2010 2 DF Gregory van der Wiel
49%
2010-2011 2 DF Gregory van der Wiel
49%
2011-2012 2 DF Gregory van der Wiel
49%
2012-2013 2 DF Gregory van der Wiel
49%
2008-2009 12 GK Kenneth Vermeer
48%
2010-2011 12 GK Kenneth Vermeer
48%
2011-2012 1 GK Kenneth Vermeer
48%
2012-2013 1 GK Kenneth Vermeer
48%
2013-2014 1 GK Kenneth Vermeer
48%
2005-2006 15 DF Thomas Vermaelen
48%
2006-2007 4 DF Thomas Vermaelen
48%
2007-2008 4 DF Thomas Vermaelen
48%
2008-2009 4 DF Thomas Vermaelen
48%
2019-2020 29 MF Ryan Gravenberch
47%
2020-2021 8 MF Ryan Gravenberch
47%
2021-2022 8 MF Ryan Gravenberch
47%
2022-2023 25 DF Youri Baas
47%
2024-2025 15 DF Youri Baas
47%
2022-2023 57 DF Jorrel Hato
46%
2023-2024 4 DF Jorrel Hato
46%
2024-2025 4 DF Jorrel Hato
46%
2020-2021 2 DF Jurrien Timber
46%
2021-2022 2 DF Jurrien Timber
46%
2022-2023 2 DF Jurrien Timber
46%
2001-2002 27 MF Steven Pienaar
46%
2002-2003 10 MF Steven Pienaar
46%
2003-2004 8 MF Steven Pienaar
46%
2004-2005 8 MF Steven Pienaar
46%
2005-2006 10 MF Steven Pienaar
46%
2023-2024 10 FW Chuba Akpom
44%
2024-2025 10 FW Chuba Akpom
44%
2012-2013 4 DF Niklas Moisander
44%
2013-2014 4 DF Niklas Moisander
44%
2014-2015 4 DF Niklas Moisander
44%
2023-2024 25 MF Borna Sosa
42%
2017-2018 5 DF Maximilian Wöber
42%
2018-2019 5 DF Maximilian Wöber
42%
2023-2024 39 FW Mika Godts
42%
2024-2025 11 FW Mika Godts
42%
2001-2002 21 DF Johnny Heitinga
41%
2003-2004 12 DF Johnny Heitinga
41%
2004-2005 3 DF Johnny Heitinga
41%
2005-2006 4 DF Johnny Heitinga
41%
2006-2007 2 DF Johnny Heitinga
41%
2007-2008 2 DF Johnny Heitinga
41%
2015-2016 5 DF Johnny Heitinga
41%
2016-2017 45 MF Justin Kluivert
41%
2017-2018 45 MF Justin Kluivert
41%
2012-2013 5 MF Christian Poulsen
40%
2013-2014 5 MF Christian Poulsen
40%
2020-2021 15 DF Devyne Rensch
40%
2021-2022 15 DF Devyne Rensch
40%
2022-2023 15 DF Devyne Rensch
40%
2023-2024 2 DF Devyne Rensch
40%
2024-2025 2 DF Devyne Rensch
40%
2022-2023 3 DF Calvin Bassey
39%
2023-2024 11 FW Carlos Forbs
39%
2024-2025 11 FW Carlos Forbs
39%
2024-2025 24 DF Daniele Rugani
39%
2004-2005 49 FW Ryan Babel
39%
2005-2006 11 FW Ryan Babel
39%
2006-2007 8 FW Ryan Babel
39%
2012-2013 49 FW Ryan Babel
39%
2019-2020 49 FW Ryan Babel
39%
2012-2013 39 FW Viktor Fischer
39%
2013-2014 7 FW Viktor Fischer
39%
2014-2015 7 FW Viktor Fischer
39%
2015-2016 7 FW Viktor Fischer
39%
2001-2002 13 DF Maxwell
38%
2002-2003 13 DF Maxwell
38%
2003-2004 15 DF Maxwell
38%
2004-2005 5 DF Maxwell
38%
2019-2020 11 FW Quincy Promes
38%
2020-2021 11 FW Quincy Promes
38%
2023-2024 13 DF Ahmetcan Kaplan
37%
2024-2025 13 DF Ahmetcan Kaplan
37%
2023-2024 33 MF Benjamin Tahirović
37%
2006-2007 13 MF Edgar Davids
37%
2007-2008 13 MF Edgar Davids
37%
2022-2023 35 FW Francisco Conceição
37%
2001-2002 11 FW Mido
37%
2002-2003 11 FW Mido
37%
2010-2011 35 FW Mido
37%
2011-2012 25 MF Thulani Serero
37%
2012-2013 25 MF Thulani Serero
37%
2013-2014 25 MF Thulani Serero
37%
2014-2015 25 MF Thulani Serero
37%
2015-2016 25 MF Thulani Serero
37%
2008-2009 28 MF Vurnon Anita
37%
2009-2010 23 MF Vurnon Anita
37%
2010-2011 5 MF Vurnon Anita
37%
2011-2012 5 MF Vurnon Anita
37%
2011-2012 9 FW Kolbeinn Sigthórsson
36%
2012-2013 9 FW Kolbeinn Sigthórsson
36%
2013-2014 9 FW Kolbeinn Sigthórsson
36%
2014-2015 9 FW Kolbeinn Sigthórsson
36%
2005-2006 19 MF Urby Emanuelson
35%
2006-2007 5 MF Urby Emanuelson
35%
2007-2008 5 MF Urby Emanuelson
35%
2008-2009 8 MF Urby Emanuelson
35%
2009-2010 8 MF Urby Emanuelson
35%
2010-2011 11 MF Urby Emanuelson
35%
2023-2024 3 DF Anton Gaaei
34%
2024-2025 3 DF Anton Gaaei
34%
2000-2001 25 DF Chris Kanu
34%
2018-2019 27 DF Perr Schuurs
34%
2019-2020 2 DF Perr Schuurs
34%
2020-2021 3 DF Perr Schuurs
34%
2021-2022 3 DF Perr Schuurs
34%
2017-2018 43 DF Rasmus Kristensen
34%
2018-2019 2 DF Rasmus Kristensen
34%
2019-2020 18 MF Răzvan Marin
34%
2018-2019 19 MF Zakaria Labyad
34%
2019-2020 19 MF Zakaria Labyad
34%
2020-2021 19 MF Zakaria Labyad
34%
2004-2005 9 FW Angelos Charisteas
33%
2005-2006 9 FW Angelos Charisteas
33%
2002-2003 1 GK Bogdan Lobonț
33%
2003-2004 1 GK Bogdan Lobonț
33%
2004-2005 1 GK Bogdan Lobonț
33%
2023-2024 40 GK Diant Ramaj
33%
2014-2015 23 DF Kenny Tete
33%
2015-2016 23 DF Kenny Tete
33%
2016-2017 2 DF Kenny Tete
33%
2024-2025 2 DF Lucas Rosa
33%
2011-2012 34 DF Ricardo van Rhijn
33%
2012-2013 2 DF Ricardo van Rhijn
33%
2013-2014 2 DF Ricardo van Rhijn
33%
2014-2015 2 DF Ricardo van Rhijn
33%
2015-2016 2 DF Ricardo van Rhijn
33%
2015-2016 32 FW Vaclav Cerny
32%
2016-2017 17 FW Vaclav Cerny
32%
2017-2018 17 FW Vaclav Cerny
32%
2008-2009 10 MF Miralem Sulejmani
31%
2009-2010 10 MF Miralem Sulejmani
31%
2010-2011 7 MF Miralem Sulejmani
31%
2011-2012 7 MF Miralem Sulejmani
31%
2013-2014 11 FW Bojan Krkic
30%
2024-2025 31 MF Jorthy Mokio
30%
2008-2009 21 MF Eyong Enoh
29%
2009-2010 21 MF Eyong Enoh
29%
2010-2011 6 MF Eyong Enoh
29%
2011-2012 6 MF Eyong Enoh
29%
2012-2013 6 MF Eyong Enoh
29%
2023-2024 38 MF Kristian Hlynsson
29%
2022-2023 18 FW Lorenzo Lucca
29%
2010-2011 32 DF Nicolai Boilesen
29%
2011-2012 15 DF Nicolai Boilesen
29%
2013-2014 15 DF Nicolai Boilesen
29%
2014-2015 5 DF Nicolai Boilesen
29%
2017-2018 12 GK Kostas Lamprou
28%
2018-2019 26 GK Kostas Lamprou
28%
2022-2023 5 DF Owen Wijndal
28%
2014-2015 8 DF Daley Sinkgraven
27%
2015-2016 8 DF Daley Sinkgraven
27%
2016-2017 8 DF Daley Sinkgraven
27%
2017-2018 8 DF Daley Sinkgraven
27%
2018-2019 8 DF Daley Sinkgraven
27%
2006-2007 3 DF Jaap Stam
27%
2007-2008 3 DF Jaap Stam
27%
2024-2025 16 GK Matheus
27%
2010-2011 9 FW Mounir El Hamdaoui
27%
2024-2025 17 FW Oliver Edvardsen
27%
2000-2001 9 FW Shota Arveladze
27%
2001-2002 14 FW Shota Arveladze
27%
2011-2012 16 MF Theo Janssen
27%
2012-2013 16 MF Theo Janssen
27%
2000-2001 4 MF Tomas Galasek
27%
2001-2002 4 MF Tomas Galasek
27%
2002-2003 4 MF Tomas Galasek
27%
2003-2004 6 MF Tomas Galasek
27%
2004-2005 6 MF Tomas Galasek
27%
2005-2006 6 MF Tomas Galasek
27%
2018-2019 30 MF Dani de Wit
26%
2001-2002 6 DF Hatem Trabelsi
26%
2002-2003 2 DF Hatem Trabelsi
26%
2003-2004 2 DF Hatem Trabelsi
26%
2004-2005 2 DF Hatem Trabelsi
26%
2005-2006 2 DF Hatem Trabelsi
26%
2018-2019 16 DF Lisandro Magallán
26%
2014-2015 26 DF Nick Viergever
26%
2015-2016 26 DF Nick Viergever
26%
2016-2017 26 DF Nick Viergever
26%
2017-2018 26 DF Nick Viergever
26%
2014-2015 21 FW Anwar El Ghazi
25%
2015-2016 21 FW Anwar El Ghazi
25%
2016-2017 7 FW Anwar El Ghazi
25%
2009-2010 9 FW Marko Pantelic
25%
2003-2004 23 DF Zdenek Grygera
25%
2004-2005 23 DF Zdenek Grygera
25%
2005-2006 3 DF Zdenek Grygera
25%
2006-2007 22 DF Zdenek Grygera
25%
2024-2025 29 FW Christian Rasmussen
24%
2022-2023 28 MF Kian Fitz-Jim
24%
2024-2025 28 MF Kian Fitz-Jim
24%
2015-2016 27 MF Nemanja Gudelj
24%
2016-2017 27 MF Nemanja Gudelj
24%
2007-2008 3 DF Bruno Silva
23%
2008-2009 2 DF Bruno Silva
23%
2009-2010 15 DF Bruno Silva
23%
2014-2015 27 DF Riechedly Bazoer
23%
2015-2016 6 DF Riechedly Bazoer
23%
2016-2017 6 DF Riechedly Bazoer
23%
2000-2001 7 FW Andy van der Meyde
22%
2001-2002 7 FW Andy van der Meyde
22%
2002-2003 7 FW Andy van der Meyde
22%
2023-2024 21 MF Branco van den Boomen
22%
2024-2025 21 MF Branco van den Boomen
22%
2021-2022 16 GK Jay Gorter
22%
2022-2023 16 GK Jay Gorter
22%
2023-2024 12 GK Jay Gorter
22%
2018-2019 40 MF Jurgen Ekkelenkamp
22%
2019-2020 26 MF Jurgen Ekkelenkamp
22%
2020-2021 18 MF Jurgen Ekkelenkamp
22%
2013-2014 16 MF Lucas Andersen
22%
2014-2015 16 MF Lucas Andersen
22%
2022-2023 11 FW Lucas Ocampos
22%
2000-2001 32 DF Petri Pasanen
22%
2001-2002 32 DF Petri Pasanen
22%
2002-2003 16 DF Petri Pasanen
22%
2003-2004 3 DF Petri Pasanen
22%
2023-2024 6 MF Sivert Mannsverk
22%
2021-2022 9 FW Danilo
21%
2006-2007 18 MF Gabri
21%
2007-2008 18 MF Gabri
21%
2008-2009 18 MF Gabri
21%
2009-2010 18 MF Gabri
21%
2014-2015 12 MF Jaïro Riedewald
21%
2015-2016 22 MF Jaïro Riedewald
21%
2016-2017 4 MF Jaïro Riedewald
21%
2023-2024 18 DF Jakov Medic
21%
2016-2017 19 FW Mateo Cassierra
21%
2012-2013 35 DF Mitchell Dijks
21%
2015-2016 35 DF Mitchell Dijks
21%
2016-2017 35 DF Mitchell Dijks
21%
2017-2018 35 DF Mitchell Dijks
21%
2019-2020 27 FW Noa Lang
21%
2008-2009 3 DF Oleguer
21%
2009-2010 3 DF Oleguer
21%
2010-2011 23 DF Oleguer
21%
2020-2021 5 DF Sean Klaiber
21%
2019-2020 1 GK Bruno Varela
20%
2009-2010 40 MF Demy de Zeeuw
20%
2010-2011 20 MF Demy de Zeeuw
20%
2023-2024 30 DF Gastón Ávila
20%
2022-2023 21 MF Florian Grillitsch
19%
2004-2005 26 MF Hedwiges Maduro
19%
2005-2006 8 MF Hedwiges Maduro
19%
2006-2007 6 MF Hedwiges Maduro
19%
2007-2008 6 MF Hedwiges Maduro
19%
2013-2014 43 FW Ricardo Kishna
19%
2014-2015 11 FW Ricardo Kishna
19%
2003-2004 19 FW Wesley Sonck
19%
2004-2005 19 FW Wesley Sonck
19%
2016-2017 34 MF Abdelhak Nouri
18%
2021-2022 44 MF Youri Regeer
18%
2007-2008 19 FW Dennis Rommedahl
17%
2009-2010 28 FW Dennis Rommedahl
17%
2000-2001 11 FW Jesper Grønkjaer
17%
2006-2007 11 FW Kenneth Pérez
17%
2007-2008 29 FW Kenneth Pérez
17%
2000-2001 1 GK Fred Grim
16%
2001-2002 1 GK Fred Grim
16%
2013-2014 6 DF Mike van der Hoorn
16%
2014-2015 6 DF Mike van der Hoorn
16%
2015-2016 4 DF Mike van der Hoorn
16%
2009-2010 45 MF Nicolás Lodeiro
16%
2011-2012 18 MF Nicolás Lodeiro
16%
2012-2013 19 FW Tobias Sana
16%
2000-2001 6 MF Aron Winter
15%
2011-2012 21 FW Derk Boerrigter
15%
2012-2013 21 FW Derk Boerrigter
15%
2012-2013 11 FW Isaac Cuenca
15%
2012-2013 34 DF Stefano Denswil
15%
2013-2014 24 DF Stefano Denswil
15%
2014-2015 24 DF Stefano Denswil
15%
2010-2011 13 DF André Ooijer
14%
2011-2012 13 DF André Ooijer
14%
2017-2018 15 MF Carel Eiting
14%
2018-2019 15 MF Carel Eiting
14%
2019-2020 8 MF Carel Eiting
14%
2008-2009 20 FW Darío Cvitanich
14%
2009-2010 20 FW Darío Cvitanich
14%
2010-2011 27 FW Darío Cvitanich
14%
2015-2016 19 FW Yaya Sanogo
14%
2011-2012 19 FW Dmitriy Bulykin
13%
2011-2012 37 FW Jody Lukoki
13%
2012-2013 27 FW Jody Lukoki
13%
2000-2001 16 MF John O'Brien
13%
2001-2002 18 MF John O'Brien
13%
2002-2003 18 MF John O'Brien
13%
2003-2004 5 MF John O'Brien
13%
2020-2021 16 GK Kjell Scherpen
13%
2017-2018 28 DF Luis Orejuela
13%
2004-2005 7 MF Mauro Rosales
13%
2005-2006 7 MF Mauro Rosales
13%
2006-2007 7 MF Mauro Rosales
13%
2021-2022 30 FW Mohamed Daramy
13%
2003-2004 29 FW Nicolae Mitea
13%
2004-2005 29 FW Nicolae Mitea
13%
2006-2007 21 FW Nicolae Mitea
13%
2006-2007 24 MF Roger García
13%
2010-2011 33 FW Aras Özbiliz
12%
2011-2012 23 FW Aras Özbiliz
12%
2023-2024 42 DF Ar'jany Martha
12%
2012-2013 23 FW Danny Hoesen
12%
2013-2014 23 FW Danny Hoesen
12%
2004-2005 31 GK Hans Vonk
12%
2005-2006 12 GK Hans Vonk
12%
2008-2009 11 MF Ismail Aissati
12%
2009-2010 11 MF Ismail Aissati
12%
2011-2012 28 MF Ismail Aissati
12%
2003-2004 4 DF Julien Escudé
12%
2004-2005 4 DF Julien Escudé
12%
2005-2006 5 DF Julien Escudé
12%
2005-2006 24 FW Markus Rosenberg
12%
2006-2007 19 FW Markus Rosenberg
12%
2000-2001 19 FW Nikolaos Machlas
12%
2001-2002 19 FW Nikolaos Machlas
12%
2002-2003 28 MF Nourdin Boukhari
12%
2004-2005 28 MF Nourdin Boukhari
12%
2005-2006 28 MF Nourdin Boukhari
12%
2000-2001 15 FW Wamberto
12%
2001-2002 17 FW Wamberto
12%
2002-2003 17 FW Wamberto
12%
2003-2004 17 FW Wamberto
12%
2000-2001 20 MF Abubakari Yakubu
11%
2001-2002 22 MF Abubakari Yakubu
11%
2002-2003 22 MF Abubakari Yakubu
11%
2003-2004 22 MF Abubakari Yakubu
11%
2000-2001 3 DF André Bergdölmo
11%
2001-2002 3 DF André Bergdölmo
11%
2002-2003 3 DF André Bergdölmo
11%
2006-2007 23 FW Leonardo
11%
2007-2008 11 FW Leonardo
11%
2008-2009 23 FW Leonardo
11%
2007-2008 23 DF Rasmus Lindgren
11%
2008-2009 6 DF Rasmus Lindgren
11%
2009-2010 6 DF Rasmus Lindgren
11%
2010-2011 18 DF Rasmus Lindgren
11%
2004-2005 37 MF Tom De Mul
11%
2006-2007 16 MF Tom De Mul
11%
2003-2004 17 FW Giannis Anastasiou
10%
2004-2005 17 FW Giannis Anastasiou
10%
2005-2006 17 FW Giannis Anastasiou
10%
2010-2011 30 GK Jeroen Verhoeven
10%
2010-2011 41 MF Lorenzo Ebecilio
10%
2011-2012 11 MF Lorenzo Ebecilio
10%
2000-2001 8 MF Richard Witschge
10%
2002-2003 8 MF Richard Witschge
10%
2009-2010 7 DF Thimothée Atouba
10%
2007-2008 10 FW Albert Luque
9%
2000-2001 18 FW Cedric van der Gun
9%
2001-2002 20 FW Cedric van der Gun
9%
2018-2019 35 DF Mitchel Bakker
9%
2000-2001 13 DF Tim de Cler
9%
2001-2002 15 DF Tim de Cler
9%
2023-2024 47 DF Tristan Gooijer
9%
2006-2007 20 DF George Ogăraru
8%
2007-2008 20 DF George Ogăraru
8%
2002-2003 24 DF Jelle Van Damme
8%
2003-2004 14 DF Jelle Van Damme
8%
2001-2002 12 GK Joey Didulica
8%
2002-2003 21 GK Joey Didulica
8%
2000-2001 28 DF Tom Sier
8%
2003-2004 26 MF Anthony Obodai
7%
2004-2005 12 MF Anthony Obodai
7%
2000-2001 38 MF Daniel Cruz
7%
2002-2003 32 GK Henk Timmer
7%
2001-2002 8 MF Jan van Halst
7%
2005-2006 22 DF Juanfran
7%
2007-2008 7 MF Kennedy
7%
2008-2009 7 MF Kennedy
7%
2009-2010 34 MF Kennedy
7%
2013-2014 8 MF Lerin Duarte
7%
2014-2015 8 MF Lerin Duarte
7%
2005-2006 21 MF Olaf Lindenbergh
7%
2006-2007 15 MF Olaf Lindenbergh
7%
2013-2014 27 DF Ruben Ligeon
7%
2014-2015 29 DF Ruben Ligeon
7%
2003-2004 7 FW Tom Soetaers
7%
2003-2004 27 FW Daniël de Ridder
6%
2004-2005 27 FW Daniël de Ridder
6%
2006-2007 30 GK Dennis Gentenaar
6%
2007-2008 30 GK Dennis Gentenaar
6%
2006-2007 26 FW Edgar Manucharyan
6%
2005-2006 38 MF Jeffrey Sarpong
6%
2008-2009 26 MF Jeffrey Sarpong
6%
2014-2015 32 MF Niki Zimling
6%
2000-2001 10 MF Richard Knopper
6%
2001-2002 10 MF Richard Knopper
6%
2015-2016 31 FW Robert Muric
6%
2010-2011 28 MF Roly Bonevacia
6%
2017-2018 42 DF Deyovaisio Zeefuik
5%
2011-2012 35 DF Dico Koppers
5%
2008-2009 25 MF Evander Sno
5%
2000-2001 2 DF Ferdi Vierklau
5%
2001-2002 2 DF Ferdi Vierklau
5%
2000-2001 19 FW Kevin Bobson
5%
2000-2001 37 FW Pius Ikedia
5%
2001-2002 25 FW Pius Ikedia
5%
2005-2006 33 DF Robbert Schilder
5%
2007-2008 22 DF Robbert Schilder
5%
2008-2009 37 DF Robbert Schilder
5%
2008-2009 17 DF Rob Wielaert
5%
2009-2010 17 DF Rob Wielaert
5%
2015-2016 29 FW Sam Hendriks
5%
2002-2003 27 FW Victor Sikora
5%
2003-2004 11 FW Victor Sikora
5%
2007-2008 31 DF Jürgen Colin
4%
2007-2008 15 FW Laurent Delorge
4%
2009-2010 25 MF Mitchell Donald
4%
2000-2001 0 FW Youssouf Hersi
4%
2005-2006 31 DF Emmanuel Boakye
3%
No matching quizzes found
Score Distribution
Percent of People with Each Score
Percentile by Number Answered
Your Score History
You have not taken this quiz